000 00956nam a2200241Ia 4500
999 _c34751
_d34751
001 549
003 GE_BSU
005 20260421105405.0
008 181216s2004||||ge |||||||||||||| ||geo||
020 _a9994035681
040 _cGE_BSU
041 _ageo
080 _a006.01(075.8) ზ–44
100 _aზედგინიძე, ი.
_96240
245 _aსტანდარტიზაციის თეორია :
_bსახელმძღვანელო /
_cავტორები : ი. ზედგინიძე, მ. ბალიაშვილი.
250 _aგამოც. მე–2
264 _aთბილისი :
_b"ტექნიკური უნ–ტი",
_c2004.
300 _a250 გვ.;
_b20 სმ.
541 _h8ლ.
653 _aსტანდარტიზაციის თეორია.
700 _a ბალიაშვილი, მ.
_eავტორი
_927337
942 _cBK
_2udc